USA:n osavaltiot aakkosjärjestyksessä - Statistics

Yleistilastot
  • Tätä visaa on pelattu 5 088 kertaa
    922 viimeisimmän päivityksen jälkeen
  • Keskiarvotulos 23 / 50
Vastaustilastot
Vastaus % Oikein
A Alabama
94%
A Alaska
85%
A Arizona
77%
A Arkansas
77%
C Colorado
65%
D Delaware
65%
F Florida
60%
G Georgia
59%
C Connecticut
57%
I Idaho
57%
I Illinois
57%
I Indiana
55%
H Havaiji
54%
K Kansas
52%
I Iowa
51%
K Kalifornia
51%
K Kentucky
50%
E Etelä-Carolina
49%
E Etelä-Dakota
48%
M Maine
48%
L Louisiana
45%
O Ohio
44%
U Utah
40%
W Washington
40%
M Maryland
39%
M Minnesota
39%
N Nevada
39%
N New York
39%
L Länsi-Virginia
38%
M Michigan
38%
N Nebraska
38%
W Wyoming
37%
M Montana
36%
O Oklahoma
35%
O Oregon
35%
T Teksas
35%
V Virginia
35%
M Mississippi
34%
N New Jersey
34%
N New Mexico
34%
R Rhode Island
34%
T Tennessee
34%
V Vermont
34%
M Massachusetts
33%
M Missouri
33%
P Pennsylvania
32%
W Wisconsin
32%
N New Hampshire
31%
P Pohjois-Carolina
31%
P Pohjois-Dakota
31%
Ehtoja vastaavia visoja ei löytynyt
Tulosjakauma
Jokaisen tuloksen saaneiden osuus
Persentiili vastausten määrän mukaan
Tuloshistoriasi
Et ole pelannut tätä visaa sen viimeisimmän päivityksen jälkeen